<?xml version="1.0" encoding="UTF-8"?>
<record
    xmlns:xsi="http://www.w3.org/2001/XMLSchema-instance"
    xsi:schemaLocation="http://www.loc.gov/MARC21/slim http://www.loc.gov/standards/marcxml/schema/MARC21slim.xsd"
    xmlns="http://www.loc.gov/MARC21/slim">

  <leader>01339nam a22002777a 4500</leader>
  <controlfield tag="001">18684835</controlfield>
  <controlfield tag="003">LC</controlfield>
  <controlfield tag="005">20161103143522.0</controlfield>
  <controlfield tag="008">150702s2015    vau      b    001 0 eng  </controlfield>
  <datafield tag="010" ind1=" " ind2=" ">
    <subfield code="a">  2015024914</subfield>
  </datafield>
  <datafield tag="020" ind1=" " ind2=" ">
    <subfield code="a">9781416620808 (pbk. : alk. paper)</subfield>
  </datafield>
  <datafield tag="040" ind1=" " ind2=" ">
    <subfield code="a">DLC</subfield>
    <subfield code="b">eng</subfield>
    <subfield code="c">DLC</subfield>
    <subfield code="e">rda</subfield>
    <subfield code="d">DLC</subfield>
  </datafield>
  <datafield tag="042" ind1=" " ind2=" ">
    <subfield code="a">pcc</subfield>
  </datafield>
  <datafield tag="050" ind1="0" ind2="0">
    <subfield code="a">LB 1031</subfield>
    <subfield code="b">.T673 2015</subfield>
  </datafield>
  <datafield tag="082" ind1="0" ind2="0">
    <subfield code="a">371.39/4</subfield>
  </datafield>
  <datafield tag="100" ind1="1" ind2=" ">
    <subfield code="a">Tomlinson, Carol A.</subfield>
  </datafield>
  <datafield tag="245" ind1="1" ind2="0">
    <subfield code="a">Leading for differentiation :</subfield>
    <subfield code="b">growing teachers who grow kids /</subfield>
    <subfield code="c">Carol Ann Tomlinson,Michael Murphy.</subfield>
  </datafield>
  <datafield tag="260" ind1=" " ind2=" ">
    <subfield code="c">2015</subfield>
  </datafield>
  <datafield tag="300" ind1=" " ind2=" ">
    <subfield code="a">x, 165 pages :</subfield>
    <subfield code="b">illustrations ;</subfield>
    <subfield code="c">26 cm</subfield>
  </datafield>
  <datafield tag="504" ind1=" " ind2=" ">
    <subfield code="a">Includes bibliographical references and index.</subfield>
  </datafield>
  <datafield tag="505" ind1="0" ind2=" ">
    <subfield code="a">So you (might) want to lead for differentiation? -- Nurturing individual change -- Designing the differentiated landscape -- Cultivating deep adult learning -- Engaging in productive conversations that further growth -- Testing the soil to determine if differentiation is making a difference -- Tending to resistance that pops up -- Conclusion: a call to lead for lasting growth.</subfield>
  </datafield>
  <datafield tag="650" ind1=" " ind2="0">
    <subfield code="a">Individualized instruction.</subfield>
  </datafield>
  <datafield tag="906" ind1=" " ind2=" ">
    <subfield code="a">7</subfield>
    <subfield code="b">cbc</subfield>
    <subfield code="c">orignew</subfield>
    <subfield code="d">1</subfield>
    <subfield code="e">ecip</subfield>
    <subfield code="f">20</subfield>
    <subfield code="g">y-gencatlg</subfield>
  </datafield>
  <datafield tag="942" ind1=" " ind2=" ">
    <subfield code="2">lcc</subfield>
    <subfield code="c">BK</subfield>
  </datafield>
  <datafield tag="999" ind1=" " ind2=" ">
    <subfield code="c">305172</subfield>
    <subfield code="d">305172</subfield>
  </datafield>
  <datafield tag="952" ind1=" " ind2=" ">
    <subfield code="0">0</subfield>
    <subfield code="1">0</subfield>
    <subfield code="2">lcc</subfield>
    <subfield code="4">0</subfield>
    <subfield code="a">LUX</subfield>
    <subfield code="b">LUX</subfield>
    <subfield code="c">GLT</subfield>
    <subfield code="d">2016-11-03</subfield>
    <subfield code="e">Library Fund</subfield>
    <subfield code="k">GLT</subfield>
    <subfield code="l">0</subfield>
    <subfield code="o">LB 1031 .T673 2015</subfield>
    <subfield code="p">20344</subfield>
    <subfield code="r">2016-11-03 00:00:00</subfield>
    <subfield code="w">2016-11-03</subfield>
    <subfield code="y">BK</subfield>
  </datafield>
  <datafield tag="952" ind1=" " ind2=" ">
    <subfield code="0">0</subfield>
    <subfield code="1">0</subfield>
    <subfield code="2">lcc</subfield>
    <subfield code="4">0</subfield>
    <subfield code="a">LUX</subfield>
    <subfield code="b">LUX</subfield>
    <subfield code="c">GLT</subfield>
    <subfield code="d">2016-11-04</subfield>
    <subfield code="e">DONATION</subfield>
    <subfield code="k">GLT</subfield>
    <subfield code="l">0</subfield>
    <subfield code="o">LB 1031 .T673 2015</subfield>
    <subfield code="p">20347</subfield>
    <subfield code="r">2016-11-04 00:00:00</subfield>
    <subfield code="w">2016-11-04</subfield>
    <subfield code="y">BK</subfield>
  </datafield>
</record>
